| 000 | 00609nam a2200181 a 4500 | ||
|---|---|---|---|
| 001 | 000024145 | ||
| 005 | 20200930022745.0 | ||
| 008 | 110119s1997 ve a 000 0 spa d | ||
| 020 | _a9803300229 | ||
| 040 |
_aDO-SdBNP _bspa _cBNPHU |
||
| 082 |
_ann* _bnn* |
||
| 100 | 1 |
_aRobles de Mora, Lolita. _949577 |
|
| 245 | 1 | 0 |
_aCaminos de leyenda : _btradición oral en el Táchira / _cLolita Robles de Mora. |
| 260 |
_aSan Cristobal : _bGobernación del Estado Táchira, _c1997. |
||
| 300 |
_a351 p. : _bil. ; _c22 cm. |
||
| 500 | _aIncluye referencias bibliográficas y notas al pie de las páginas. | ||
| 049 | _aBNGR | ||
| 999 |
_c23639 _d23639 |
||